| 000 | 00560nam a22001577a 4500 | ||
|---|---|---|---|
| 999 |
_c61060 _d61060 |
||
| 005 | 20231213104524.0 | ||
| 008 | 231213s1959 ru ||||| |||| 00| 0 rus d | ||
| 041 | _arus | ||
| 080 | _a821.09:82.394 T-66 | ||
| 100 |
_aТренчени-Вальдапфель, Имре _920684 |
||
| 245 |
_aМифология / _cТренчени-Вальдапфель Имре. |
||
| 264 |
_aМосква : _bИзд. Иностранной литературы, _c1959. |
||
| 300 |
_a470 с.; _b28 cm. |
||
| 653 | _aმითოლოგია | ||
| 942 |
_2udc _cᲬᲘᲒᲜᲘ |
||